| 000 | 00343nam a2200145Ia 4500 | ||
|---|---|---|---|
| 008 | 230917s9999||||xx |||||||||||||| ||und|| | ||
| 040 |
_e125567 _aMAIN |
||
| 041 | _aEnglish | ||
| 082 | _aB G151A:G | ||
| 100 | _aKumar, B Arun | ||
| 245 | 0 | _aGandhian protest | |
| 260 |
_aJaipur _bRawat Publications _c2008 |
||
| 300 | _a214 p. | ||
| 942 | _cBK | ||
| 999 |
_c148368 _d148368 |
||